Statistiche per Campionato mondiale di pallavolo maschile

Clicka qui per fare il quiz!

Statistiche generali

  • Questo quiz è stato fatto 109 volte
  • Il punteggio medio è 14 su 18

Statistiche sulle risposte

AnnoNazionale% Corretto
1978,1990,1994,1998,2022Italia
100%
2002Francia
99%
1982,2002,2006,2010,2014,2018,2022Brasile
94%
1986,1994,2018Stati Uniti
94%
1949,1952,1956,1960,1962,1966,1974,1978,1982,1986,1990Unione Sovietica
94%
1974,2006,2014,2018,2022Polonia
91%
2014Germania
90%
2002Russia
88%
1982Argentina
86%
1970,1974Giappone
86%
1998Jugoslavia
82%
2010Serbia
78%
1994Paesi Bassi
76%
1978,1990,1998,2010Cuba
62%
1949,1952,1970,1986,2006Bulgaria
47%
1956,1960,1962,1966Romania
38%
1949,1952,1956,1960,1962,1966Cecoslovacchia
33%
1970Germania Est
32%

Distribuzione punteggi

Percentile per numero di risposta

Percentuale di utenti per punteggio

I tuoi punteggi nel tempo

Non hai fatto questo quiz